[Event "DEN-ch"]
[Site "Aarhus"]
[Date "1999.04.04"]
[Round "9"]
[White "Hansen, Curt"]
[Black "Borge, Nikolaj"]
[Result "1-0"]
[WhiteElo "2608"]
[BlackElo "2466"]
[Annotator "Ribli,Z"]
[PlyCount "84"]
[EventDate "1999.03.??"]
[EventType "tourn"]
[EventRounds "9"]
[EventCountry "DEN"]
[EventCategory "10"]
[SourceTitle "CBM 071"]
[Source "ChessBase"]
[SourceDate "1999.08.01"]
[SourceVersion "1"]
[SourceVersionDate "1999.08.01"]
[SourceQuality "1"]

{[%mdl 576]} 1. c4 Nf6 2. Nc3 c5 3. Nf3 b6 {Dieser Zug zeigt an, daß Schwarz
eine Igelstellung spielen möchte. Ribli.} 4. e4 d6 5. d4 cxd4 6. Nxd4 Bb7 7.
Qe2 {Eine chancenreiche Fortsetzung. Weiß verwirft den traditionellen Aufbau 
(f3, Le2, Le3) und möchte den Läufer nach g2 entwickeln.} (7. f3 e6 8. Be3 Be7
9. Be2 O-O 10. O-O $14) 7... e6 (7... g6 8. g3 (8. Bg5 Bg7 9. O-O-O Nbd7 10. f4
$5) 8... Bg7 9. Bg2 O-O 10. O-O Nbd7 11. Rd1 Qb8 12. b3 $14 {Weiß hat
Raumvorteil und das Feld d5 ist eine dauerhafte Schwäche. Wenn Schwarz ...
e7-e6 spielt, wird der Bauer d6 schwach.}) 8. g4 $5 {Eine aggressive
Fortsetzung. Weiß spielt wie in der Scheveninger Variante (1.e4 c5 2.Nf3 e6 3.
d4 cxd4 4.Nxd4 Nf6 5.Nc3 d6 6.g4 - Keres-Angriff). Der Bauernzug gewinnt Raum
am Königsfluegel. Das ist die Hauptidee von 8.g4!? und nicht der sofortige
Mattangriff.} (8. g3 Nc6 $5 9. Nxc6 Bxc6 10. Bg2 Be7 11. O-O Nd7 12. Re1 Bb7
13. e5 Bxg2 14. exd6 Bxd6 15. Kxg2 $10 {Kramnik,V-Adams,M/Groningen/1993/})
8... Be7 (8... h6 9. h4 (9. Bg2 Nc6 10. Nxc6 Bxc6 11. O-O Qc8 12. b3 Be7 13. f4
Nd7 14. Bb2 O-O 15. Rac1 $14) 9... a6 10. Bg2 g6 (10... Nbd7 11. g5 hxg5 12.
hxg5 Rxh1+ 13. Bxh1 Ng8 14. g6 $36) 11. f4 Qc7 12. f5 e5 13. Nc2 Nbd7 14. Ne3
Nc5 15. b4 Ncd7 16. fxg6 fxg6 17. O-O {1-0 Kramnik-R. Vasquez/Villarrobledo
rapid, SW 1998 (30)}) (8... Nc6 9. Nxc6 Bxc6 10. Bf4 (10. g5 Nd7 11. Bf4 Be7
12. h4 a6 13. O-O-O Qc7 14. h5 (14. Kb1 $5) 14... Ne5 15. Bh3 b5 {1/2-1/2 P.H.
Nielsen-V. Atlas/Oe Staatsliga A, SW 1998 (27)}) (10. Bg2 Be7 11. O-O Rc8 12.
Bf4 a6 13. Rfd1 Qc7 14. e5 dxe5 15. Bxe5 Qb7 16. Nd5 {1-0 Cvetkovic,
S-Velickovic,S/Jugoslavija 1981/Inf 32 (38)}) 10... e5 11. Be3 Be7 12. f3 Nd7
13. O-O-O O-O 14. h4 a6 15. g5 b5 16. Nd5 bxc4 17. Qxc4 Bxd5 18. Qxd5 Nc5 19.
Bxc5 Qc7 20. Kb1 dxc5 21. Qd7 Rfc8 22. Bc4 {Razuvaev,Y-Poluljahov,A/Cappelle
op 1995/1-0 (47)}) 9. g5 Nfd7 10. h4 {Weiß hat großen Raumvorteil und eine
potentielle Angriffsstellung.} a6 (10... Nc6 $5 11. Nxc6 (11. Be3) 11... Bxc6
12. Bf4 a6 13. O-O-O Qc7 14. Kb1 $5 Bb7 15. h5 Ne5 (15... Qc5 $5) 16. Rh3 Rc8
17. Bxe5 dxe5 18. g6 Bc5 19. Qg4 Bd4 20. h6 $1 hxg6 21. hxg7 Rg8 22. Rh8 Kd7
23. Nd5 Bxd5 24. exd5 Rxg7 $4 (24... Rxh8 25. gxh8=Q Rxh8 26. dxe6+ fxe6 $11)
25. dxe6+ Ke7 26. Qg5+ Kxe6 27. Bh3+ f5 28. Bxf5+ gxf5 29. Rh6+ Kf7 30. Qf6+
Kg8 31. Qe6+ {1-0 Vera,R-Lebredo,G/Managva 1982/Inf 53 (31)}) 11. Be3 Nc6 12.
Bg2 Rc8 (12... Nxd4 13. Bxd4 O-O 14. O-O $14 (14. f4 $6 e5 $132) (14. O-O-O Rc8
{[%cal Gc8c1]} (14... b5 $5))) 13. Rc1 (13. O-O Nce5 14. b3 b5 15. f4 Ng6 16.
f5 $40) 13... O-O (13... Nce5 14. b3) 14. O-O Nxd4 15. Bxd4 Ne5 $6 (15... Qc7
$5 {Wir haben eine typische Igelstellung. Weiß besitzt Raumvorteil, aber die
feste schwarze Stellung weist keine Schwächen auf.}) 16. f4 $1 {Weiß opfert
einen Bauern und erlangt ausgezeichnete Angriffschancen.} (16. b3 Ng6 {[%cal
Gg6f4,Gg6h4]} (16... Nc6 17. Be3 $14) 17. Qg4 Ne5 18. Qg3 $14) 16... Nxc4 (
16... Nd7 17. f5 Ne5 18. Rcd1 $36) 17. b3 {[%csl Rc4]} Na5 $6 (17... e5 $5 18.
Bf2 Na5 19. f5 $44) 18. Qf2 $44 {[%csl Ra5,Rb6][%cal Rf2b6] Es hängt b6 und
der schwarze Springer steht sehr unglücklich auf a5. Anderseits hat Weiß aber
auch die Initiative am Königsflügel.} Rc6 {[%csl Rc6] Nicht schön, aber
Schwarz hat nichts besseres.} (18... b5 19. Bb6 $18 {[%cal Rb6a5,Rb6d8]}) 19.
f5 {[%cal Rf5f6]} (19. e5 d5 20. f5) 19... e5 20. Be3 {[%csl Yd5]} f6 {Schwarz
muß 21.f6 verhindern.} 21. Nd5 {[%csl Gd5]} fxg5 (21... b5 $5 22. Bb6 (22. Qd2
Rxc1 23. Rxc1 Nc6 $13) 22... Rxb6 23. Qxb6 Qxb6+ 24. Nxb6 fxg5 $132) 22. Bxb6 {
[%cal Rb6a5,Rb6d8]} Rxb6 23. Nxe7+ (23. Qxb6 Qxb6+ 24. Nxb6 gxh4 25. Rfd1)
23... Kh8 (23... Qxe7 24. Qxb6 $18 {[%csl Ra5]}) 24. hxg5 Qxe7 (24... Rb4 25.
f6 gxf6 (25... Bxe4 26. Rc8 $18) 26. gxf6 $16 {[%csl Gf6]}) 25. Qxb6 Qxg5 26.
Rce1 {[%csl Ra5,Rb7]} (26. Qxa5 $2 Bxe4 $1 $19 {[%csl Rg1,Rg2][%cal Gg5c1] [#]
Schwarz hat einen Turm weniger, aber droht Matt auf g2 und Weiß hat nichts
besseres als den Turm zurückzugeben.} (26... Qe3+ $2 27. Kh2 $18)) 26... Qd8 $8
(26... Qd2 $2 27. b4 $18) 27. Qxd8 Rxd8 28. Rc1 $16 {Weiß hat eine Qualität
mehr.} Nc6 29. Rc3 a5 (29... Nd4 30. Rc7 $16 {[%csl Gc7]}) 30. Rfc1 Nd4 {
[%csl Gd4][%cal Rd4e2,Re2g1,Re2c1,Re2c3]} 31. Kf2 Nb5 {Mit diesem Zug
verteidigt sich Schwarz gegen 32.Rc7.} (31... Ba6 32. Rc7 $16) 32. R3c2 h6 33.
Ke3 (33. a4 $6 Nd4) 33... d5 $6 (33... Kh7) 34. exd5 Nd6 {[%csl Gd6] Schwarz
hat eine gute Blockadestellung auf d6 errichtet, aber der Springer allein kann
die Partie nicht retten.} (34... Bxd5 35. Rc8 $18) 35. Rf2 {[%cal Gf5f6]} Ne8
36. Rc5 $18 {[%csl Ra5] Schwarz hat keinerlei Gegenspiel.} a4 37. bxa4 Nf6 {
[%cal Rf6g4,Rg4f2,Rg4e3]} 38. Rb2 (38. Rd2 $18) 38... Bxd5 (38... Nxd5+ 39.
Bxd5 Rxd5 (39... Bxd5 40. Rd2 $18 {[%csl Rd5]}) 40. Rc7 Ba6 41. Rb8+ Kh7 42. f6
$18) 39. Rd2 {[%csl Rd5]} e4 40. Rd1 (40. a5 $18) 40... Ra8 {Das verliert
sofort.} (40... Kh7 41. a5 $18) 41. Rcxd5 $18 Nxd5+ 42. Rxd5 Rxa4 {Schwarz gab
in hoffnungsloser Stellung auf.} (42... Rxa4 43. Bxe4 Rxa2 44. Rd8+ Kh7 45. f6+
g6 46. f7 $18) 1-0

[Event "Julian Borowski 1st"]
[Site "Essen"]
[Date "1999.03.29"]
[Round "3"]
[White "Bischoff, Klaus"]
[Black "Sutovsky, Emil"]
[Result "0-1"]
[WhiteElo "2521"]
[BlackElo "2612"]
[Annotator "Ribli,Z"]
[PlyCount "52"]
[EventDate "1999.03.??"]
[EventType "tourn"]
[EventRounds "9"]
[EventCountry "GER"]
[EventCategory "14"]
[SourceTitle "CBM 071"]
[Source "ChessBase"]
[SourceDate "1999.08.01"]
[SourceVersion "1"]
[SourceVersionDate "1999.08.01"]
[SourceQuality "1"]

{[%mdl 2560]} 1. c4 g6 2. Nc3 c5 3. g3 Bg7 4. a3 {Weiß schiebt Bg2 noch auf,
möchte zuerst am Damenflügel kommen. Ribli.} (4. Bg2 Nc6 5. a3 b6 6. b4 Bb7 7.
bxc5 Bxc3 $5 8. dxc3 bxc5 9. Rb1 Rb8 10. Bf4 e5 11. Be3 Na5 $1 12. Bxb7 Rxb7
13. Nf3 Qc7 {1/2-1/2 Gurevich,M-Dlugy,M/Wijk aan Zee 1990/CBM 17/[Ribli] (34)})
4... Nc6 5. Rb1 b6 6. Bg2 (6. b4 d6 (6... cxb4 7. axb4 Bb7)) 6... Bb7 7. d3 (7.
b4 d6 (7... cxb4 8. axb4 Qc8 9. Nd5 e6 10. Ne3 Nd4 $132 11. Nf3 Nxf3+ 12. Bxf3
Bxf3 13. exf3 Nf6 14. Bb2 O-O 15. O-O d5 16. Bxf6 Bxf6 17. cxd5 exd5 18. Nxd5
Qc6 {1/2-1/2 Hickl,J-Zueger,B/Biel 1998/EXT 99 (44)}) 8. Nf3 (8. e3 Qd7 9. Nf3
Nh6 10. O-O Nf5 11. Qb3 O-O 12. Bb2 Rac8 13. Ne4 cxb4 14. Bxg7 Na5 15. Qd3 Nxg7
16. Rxb4 Rc7 {0-1 Giardelli,S-Debarnot,R/Quilmes 1980/MCL (28)}) 8... Qd7 9.
O-O Nf6 10. e4 O-O 11. d3 Ne8 12. Ne2 Nc7 13. Be3 Ne6 14. Qd2 {1-0 Lin
Weiguo-Wang Zili/Beijing 1991/CBM 22 ext (60)}) 7... Nf6 8. b4 d6 {Schwarz hat
eine feste Stellung und kann angesichts der Läufer in den langen Diagonalen
mit dem Eröffnungsergebnis zufrieden sein.} 9. Nh3 Qd7 $5 {Dieser Zug ist
besser als die Rochade. Jetzt ist der Läufer b7 gedeckt und die Dame
kontrolliert den h3-Springer. Es droht z.B. 10...Sxb4.} 10. bxc5 (10. Nf4 $11)
(10. O-O h5 $5 $13 {[%csl Rh3] Der Springer steht auf h3 unglücklich. Schwarz
kann daher im nächsten Zug ...h5-h4 mit Initiative spielen.}) 10... dxc5 11.
Bd2 (11. O-O h5 $5 {[%csl Rh3]}) 11... Nd4 {Eine logische Strategie. Schwarz
tauscht den g2-Läufer und schwächt so die weiße Königsstellung.} (11... h5 $5)
12. Bxb7 Qxb7 13. f3 {Weiss möchte die Beweglichkeit der schwarzen Dame
einschränken, aber dieser Zug gefällt mir nicht, denn die Königsstellung wird
noch schwächer.} (13. O-O h5 14. Qa4+ $5) (13. Qa4+ b5 14. O-O (14. f3 Qxf3 $5
15. exf3 bxa4 $15) 14... Qd7 15. Nxb5 Nxe2+ 16. Kg2 O-O $15) 13... Rd8 {
[%cal Gd8d1]} 14. Nf2 (14. Qa4+ Nd7 $11) 14... Nd7 15. O-O O-O 16. a4 {Das ist
ein typisches Motiv in solchen Stellungen. Weiß möchte mit 17.a5 den schwarzen
b-Bauern schwächen.} Ne5 {[%csl Rf3,Rg1]} 17. Kg2 (17. a5 $2 Nexf3+ 18. exf3
Nxf3+ $19) 17... Qd7 18. a5 (18. f4 Nec6 $15) 18... bxa5 {Schwarz besitzt
einen Mehrbauern, aber seine Bauern am Damenflügel sind schwach.} 19. Nfe4 Qc6
{[%csl Gc6]} 20. Nd5 Rd7 21. Bxa5 f5 $15 {Die Bauernstellung wäre theoretisch
vorteilhaft für Weiß. Hier sind aber andere Faktoren entscheidend. Schwarz
bekommt starke Initiative am Königsflügel.} 22. Nf2 e6 23. Nc3 g5 $17 {[%csl
Rg2][%cal Rg5g4] Schwarz greift am Königsflügel an.} 24. Nb5 $2 (24. Nh3 g4 25.
Nf4 Bh6 $17) (24. Qa4 Nxe2 $5 25. Qxc6 Nxc6 26. Nxe2 Nxa5 $17) {[#]} 24... Nxe2
$1 {Ein schönes Opfer! Schwarz bekommt nur zwei Bauern für die Figur, aber der
weiße König gerät in große Not.} 25. Qxe2 g4 {[%csl Re2,Rg2]} 26. Kh1 $6 (26.
Nh3 $5 gxh3+ (26... a6 $5 $17) (26... gxf3+ 27. Rxf3 Rxd3 (27... Nxf3 28. Qxf3
Qxf3+ 29. Kxf3 Rxd3+ 30. Ke2 Rd7 31. Nf4) 28. Ng1 $13) 27. Kxh3 a6 $17) 26...
Nxf3 $19 {[%csl Rh1][%cal Rc6h1] und Weiß gab auf.} (26... Nxf3 27. Nd1 (27.
Ne4 fxe4 28. Qxe4 Qxe4 29. dxe4 Ne5 $19) 27... Nd2+ {[%cal Rc6h1,Rd2b1]} 28.
Kg1 Nxb1 29. Nf2 a6 $19) 0-1

[Event "Skolernes Skakklub"]
[Site "Aarhus"]
[Date "1997.06.25"]
[Round "6"]
[White "Kengis, Edvins"]
[Black "Hansen, Curt"]
[Result "1/2-1/2"]
[WhiteElo "2585"]
[BlackElo "2605"]
[Annotator "Ribli,Z"]
[PlyCount "72"]
[EventDate "1997.06.20"]
[EventType "tourn"]
[EventRounds "9"]
[EventCountry "DEN"]
[EventCategory "14"]
[SourceTitle "CBM 060"]
[Source "ChessBase"]
[SourceDate "1997.09.29"]
[SourceVersion "1"]
[SourceVersionDate "1997.09.29"]
[SourceQuality "1"]

1. Nf3 Nf6 2. c4 c5 3. Nc3 Nc6 4. g3 d5 5. d4 {Tal's Idee [#]} cxd4 6. Nxd4
dxc4 7. Nxc6 {Das ist eine angenehme Variante für Weiß. Ich kann mir bei
normalem Spielverlauf nur zwei Endergebnisse vorstellen: remis oder Gewinn für
Weiß.} Qxd1+ 8. Nxd1 bxc6 9. Bg2 Nd5 10. Ne3 e6 {Nach meiner Meinung ist das
die beste Fortsetzung. Sie bietet Schwarz gute Rettungchancen.} (10... Ba6 11.
Nxd5 cxd5 12. Bxd5 Rc8 13. Bd2 $14 {Weiß hat zwei sehr gut plazierte Läufer.
Das bedeutet Endspielvorteil. Der Bauer auf c4 ist immer schwach.}) 11. Nxc4 {
[%csl Rc6]} Ba6 12. b3 Bb4+ 13. Bd2 Ke7 $5 {Schwarz hat eine "ewige" Schwäche
auf c6, aber mit aktivem Figurenspiel er kann das kompensieren.} (13... Bxd2+
14. Nxd2 {[#]} Nb4 (14... Ke7 15. Rc1 Rhc8 16. Ne4 Rab8 17. Nc5 Rb6 18. f4 Bb7
19. Kf2 {..., 59 1-0 Smejkal,J-Palkovi,J/BL9596 1996 (38)}) 15. Kd1 $5 {N} Ke7
(15... Rb8 16. a3 Nd5 17. Rc1 Rb6 18. Bf3 Ke7 19. Rc5 Rc8 20. Kc1 Rb5 21. Rc2
c5 22. Kb2 {1-0 Gulko,B-Jelen,I/2nd op, Nova Gorica SLO 1997 (39)}) 16. a3 Nd5
17. Rc1 (17. Ne4 $5) 17... Rac8 18. Ne4 c5 $1 $8 (18... Rhd8 19. Nc5 $1 Ne3+
20. Ke1 Nxg2+ 21. Kf1 $18) 19. Nxc5 Rhd8 20. Ke1 Nb6 {Gelfand,B-Leko,P/Vienna
1996/1/2-1/2 (59)}) 14. Rc1 Rac8 (14... Rhc8 $5 {the other rook make go to b8
some time that is way black has played Rhc8 the idea is maybe Rab8 and c5 [#]}
15. Bxb4+ Nxb4 16. a3 Nd5 17. e4 Bxc4 $5 18. Rxc4 Nb6 19. Rc5 Nd7 20. Rc3 a5 $1
21. Kd2 Ra6 22. Bf3 (22. f4 f6 23. h4 (23. Bf1 $5) 23... Rb8 24. Bf1 Rab6 25.
Kc2 a4 26. b4 c5 $5 27. b5 {1/2-1/2 Gelfand,B-Kramnik,V/Belgrade Invest 1995} (
27. bxc5 Rb2+ 28. Kd3 R8b3 $44)) 22... Rb6 23. Bd1 c5 24. Bc2 Rd6+ 25. Ke3 Rd4
26. Rc1 e5 27. Bd3 Kd6 28. h4 {1/2-1/2 Bareev,E-Alterman,B/EU-chTM 1997 (33)})
15. Bxb4+ {Es gibt keinen prophilaktischen Zug mehr. Weiß muß die konkrete
Aktion beginnen.} Nxb4 16. a3 Nd5 17. Na5 {[%csl Ga5] Der weiße Springer steht
sehr gut auf a5. Er verfügt über Drohungen gegen den c6-Bauern und später
gegen das Feld c6. Gleichzeitig hält er den Bauern auf b3.} c5 18. Rc2 (18. O-O
Rhd8 $6 (18... Rc7 $5) 19. Rc2 $14 Rc7 $6 (19... c4 20. Nxc4 (20. bxc4 Rc5 21.
Rfc1 Rdc8) 20... Nb6 21. Rfc1 Nxc4 22. bxc4 Rc5 $14 {Natürlich steht Weiß dank
seines Bauernvorteils besser, aber technisch ist es sehr schwer, wenn nicht
unmöglich, diesen Vorteil zu verwerten.}) 20. Rfc1 Rdc8 21. e4 Nf6 22. f4 Bd3
23. e5 Nd5 24. Rb2 c4 25. bxc4 Bxc4 26. Rxc4 Rxc4 27. Nxc4 Rxc4 28. Rb7+ Ke8
29. Bxd5 exd5 30. Rxa7 {1-0 Kramnik,V-Hjartarson,J/EUCup Clichy 1995 (39)})
18... Rc7 (18... c4 {Vor zwei Jahre nach seiner Partie gegen Hjartarson
empfahl Kramnik diesen Zug.} 19. Nxc4 (19. bxc4 Rc5 20. O-O Rhc8 (20... Rxa5
21. cxd5 exd5 (21... Rxa3 22. Rc7+ $16) 22. Rc7+ $16) 21. Rfc1 Nb6 22. Nb3 Rxc4
$11) 19... Bxc4 (19... Nb6 20. Ne3) (19... Rc5 20. e4 Nb6 (20... Bxc4 $2 $18
21. exd5) 21. Ne3 $14 {Und Weiß erzielt Materialvorteil.}) 20. Rxc4 Rxc4 21.
bxc4 Nb6 22. c5 Nc4 (22... Na4 23. c6 {Für den Springer ist der Bauer erst in
vier Zügen zu erreichen.}) (22... Nd7 23. c6 Nb8 24. O-O (24. c7 Na6 $11 25.
c8=Q Rxc8 26. Bb7 Rc1+) 24... Rc8 25. Rb1 $16 {[%cal Gb1b7]}) 23. O-O Rb8 24.
c6 Nxa3 25. Be4 Nb5 26. Ra1 Ra8 27. c7 {1/2-1/2 Wojtkiewicz,A-Schlosser,P/
Regensburg op 1996}) 19. O-O Rhc8 20. Rfc1 Nb6 21. Bf1 {Ein prophilaktischer
Zug. Weiß bereitet den Läufertausch vor. Dann wird die Schwäche des schwarze
c-Bauern noch spürbarer sein.} (21. e4 {Weiß möchte den Läufer mit 22.Bf1
tauschen, aber erst verhindert er die aktive Möglichkeit 21...f5.}) 21... f5 {
Schwarz strebt nach aktivem Gegenspiel am Königsflügel. Das ist die beste
Strategie, viel besser als nur zu warten.} 22. e3 Bxf1 23. Kxf1 g5 {Schwarz
gewinnt Raum am Königsflügel. Weiß hat nur symbolischen Vorteil wegen des
schwachen c-Bauern.} 24. Ke2 Kf6 25. h3 (25. b4 c4 $13 {[%csl Ra5] Jetzt steht
der einst so stolze Springer schlecht.} 26. Nb3 $4 cxb3 27. Rxc7 Rxc7 28. Rxc7
b2 $19) 25... h5 26. Nc4 Rb8 $1 (26... Nxc4 $5 27. Rxc4 {Und der nächste weiße
Zug ist 28.b4 mit Vorteil.}) 27. Na5 Rbc8 28. Nc4 Rb8 29. Nd2 $11 {Endlich
entscheidet sich Wei weiterzuspielen. Schwarz hat aber genügend Gegenspiel, um
Ausgleich zu erzielen.} (29. Nxb6 axb6 $11 {Vielleicht ist auch 29...Rxb6
ausreichend, aber der Textzug erreicht einfach das Gleichgewicht.}) 29... Rbc8
30. e4 g4 (30... Kg6 $11) (30... e5 $6 31. exf5 Kxf5 $14 {Und die schwarze
Bauernstruktur ist geschwächt.}) 31. hxg4 hxg4 32. Ke3 Kg5 33. Nc4 Rb8 {
Wie in der Stellung nach dem 26.Zug von Weiß hält Schwarz hält die Stellung
mit diesem Turmzug.} 34. Nd2 Rbc8 35. Nc4 Rb8 36. Nd2 Rbc8 {Und remis durch
Zugwiederholung. In solchen Stellungen sagen wir, daß Weiß das "bessere" Remis
hatte.} 1/2-1/2

[Event "Linares 12th"]
[Site "Linares"]
[Date "1994.??.??"]
[Round "9"]
[White "Topalov, Veselin"]
[Black "Beliavsky, Alexander G"]
[Result "1-0"]
[WhiteElo "2640"]
[BlackElo "2650"]
[Annotator "Ribli,Z"]
[PlyCount "81"]
[EventDate "1994.02.??"]
[EventType "tourn"]
[EventRounds "13"]
[EventCountry "ESP"]
[EventCategory "18"]
[SourceTitle "CBM 040"]
[Source "ChessBase"]
[SourceDate "1994.06.01"]
[SourceVersion "1"]
[SourceVersionDate "1994.06.01"]
[SourceQuality "1"]

1. c4 Nf6 2. Nc3 c5 3. Nf3 d5 4. cxd5 Nxd5 5. d4 cxd4 6. Qxd4 Nxc3 7. Qxc3 Nc6
8. e4 Bg4 (8... e6 {Morosevic,A-Moskolenko,V/Alushta/1993/CBM36/INF57,48/}) 9.
Bb5 Rc8 10. Be3 $5 (10. Bf4 $5 {Gelfand,B-Beliavsky,A/Reggio Emilia/1991/CBM27/
INF53,54/}) 10... a6 (10... Bxf3 $2 11. gxf3 a6 12. Rd1 Qc7 13. Bxc6+ Qxc6 14.
Qd4 f6 15. O-O e5 16. Qa7 $16 {Portisch,L-Huebner,R/Montreal/1979/INF27,83/})
11. Rd1 Qc7 12. Ba4 b5 13. Bb3 e6 14. O-O Bxf3 15. gxf3 Bd6 (15... Qe5 16. Qxe5
Nxe5 17. Rc1 $14 {Belov-Hudacek/Karvina/9293/INF56,(47)/}) 16. Qxg7 Bxh2+ 17.
Kh1 $14 Be5 (17... Qe5 $2 18. Qh6 $18) 18. Qh6 Qe7 19. Bg5 Qf8 (19... f6 20.
Be3 Bxb2 21. Rg1 $44) 20. Qh5 Nd4 21. Bh6 Qd6 (21... Bg7 22. Rxd4 Bxh6 23. Bxe6
$18) 22. Be3 Rc5 23. Qh3 $1 Rg8 24. f4 Bf6 25. Rg1 Rg6 (25... Rxg1+ 26. Kxg1
Ne2+ 27. Kf1 Nxf4 28. Qg3 $18) 26. Rxg6 hxg6 27. e5 Qc6+ 28. Qg2 Nxb3 29. axb3
Bd8 30. Bxc5 Qxc5 31. Qa8 Qe7 32. Kg2 a5 33. Qc6+ Kf8 34. Qc8 Ke8 35. Qc6+ Kf8
36. Rd7 Qh4 37. Qf3 Bb6 38. Qg3 Qh5 39. Rb7 Bd4 40. Qg5 Qxg5+ 41. fxg5 1-0

[Event "Linares 12th"]
[Site "Linares"]
[Date "1994.??.??"]
[Round "12"]
[White "Illescas Cordoba, Miguel"]
[Black "Topalov, Veselin"]
[Result "1/2-1/2"]
[WhiteElo "2590"]
[BlackElo "2640"]
[Annotator "Ribli,Z"]
[PlyCount "81"]
[EventDate "1994.02.??"]
[EventType "tourn"]
[EventRounds "13"]
[EventCountry "ESP"]
[EventCategory "18"]
[SourceTitle "CBM 040"]
[Source "ChessBase"]
[SourceDate "1994.06.01"]
[SourceVersion "1"]
[SourceVersionDate "1994.06.01"]
[SourceQuality "1"]

1. Nf3 Nf6 2. c4 c5 3. Nc3 d5 4. cxd5 Nxd5 5. g3 Nc6 6. Bg2 Nc7 7. d3 e5 8. O-O
Be7 9. Nd2 Bd7 10. Nc4 f6 11. f4 b5 12. Ne3 Rc8 13. fxe5 (13. a4 $5 b4 14. Nb5
$5 (14. Ne4 $6 f5 15. Nf2 O-O $10 {Portisch,L-Sokolov,A/Bugojno/1986/INF40,(46)
/}) (14. Ncd5 O-O $6 (14... exf4 $5) 15. Nc4 $14 {Benko,P-Sherzer,A/
Philadelphia/1988/INF46,58/}) 14... exf4 15. Nxc7+ $6 {Hjartarsson,J-Sokolov,A/
Rotterdam WCup/1989/CBM13/INF47,60/} (15. gxf4 $5)) 13... Nxe5 14. Nf5 O-O $13
15. Kh1 Re8 16. Ne4 Bc6 17. Bf4 (17. Nxe7+ Qxe7 18. Be3 Ne6 19. Rc1 c4 $1)
17... Bf8 18. a4 a6 $5 19. axb5 axb5 20. Rc1 Qd7 21. Be3 Ne6 22. Bg1 Qb7 23.
Nh4 Kh8 24. Nd2 Rcd8 25. Ndf3 Nxf3 26. Nxf3 Nd4 27. Bxd4 Rxd4 28. Qc2 Rd6 29.
Nh4 (29. Qxc5 $2 Rxe2 $17) 29... Rde6 30. Bxc6 (30. e4 c4 $1 $36) 30... Qxc6+
31. e4 Qd7 (31... c4 $2 32. b3 $1) 32. Ng2 c4 33. dxc4 Rxe4 34. cxb5 (34. c5 $2
Rc4 $17) 34... Qxb5 (34... Re2 $2 35. Qc6) 35. Rf2 Re2 36. Rxe2 Rxe2 37. Qc8
Kg8 38. Nf4 $1 Rxb2 39. Qe6+ Kh8 40. Qc8 Qb4 41. Ng6+ $1 (41. Ng6+ hxg6 42.
Qh3+ Kg8 43. Qe6+ Kh7 44. Qh3+ $10) 1/2-1/2